| 000 | 00756nam a2200193 4500 | ||
|---|---|---|---|
| 005 | 20180116152134.0 | ||
| 010 | _a1718EN-30 | ||
| 020 |
_a9788178244594 _c795.00 |
||
| 035 | _aB-682815-818 | ||
| 037 |
_bAakar _adpl |
||
| 082 | _a304.20954 | ||
| 100 | _aRangarajan, Mahesh | ||
| 245 |
_aNature and nation: _cby Mahesh Rangarajan _bessays on environmental history / |
||
| 260 |
_aNew Delhi _bPermanent Black _c2016 |
||
| 270 |
_aHimalayana, Mall Road, Ranikhet Cantt. _bRanikhet _e263645 |
||
| 300 |
_axiii,346p. _b21cm(Hb) |
||
| 942 |
_2ddc _cEN _mRAN _h304.20954 |
||
| 999 |
_c145754 _d145754 |
||